Bulletin of the Botanical Survey of India: 006286 - vol.1, 1959: - vol.30-32, 1990 (Record no. 601920)

MARC details
000 -LEADER
fixed length control field 00486nam a2200133Ia 4500
008 - FIXED-LENGTH DATA ELEMENTS--GENERAL INFORMATION
fixed length control field 100415s9999 xx 000 0 und d
082 ## - DEWEY DECIMAL CLASSIFICATION NUMBER
Item number 19023
245 ## - TITLE STATEMENT
Title Bulletin of the Botanical Survey of India: 006286 - vol.1, 1959: - vol.30-32, 1990
260 ## - PUBLICATION, DISTRIBUTION, ETC. (IMPRINT)
Date of publication, distribution, etc 0
365 ## - TRADE PRICE
Price amount 0
630 ## - SUBJECT ADDED ENTRY--UNIFORM TITLE
Uniform title Bulletin of the Botanical Survey of India: 006286 - vol.1, 1959: - vol.30-32, 1990
730 ## - ADDED ENTRY--UNIFORM TITLE
Uniform title Bulletin of the Botanical Survey of India: 006286 - vol.1, 1959: - vol.30-32, 1990
942 ## - ADDED ENTRY ELEMENTS (KOHA)
Koha item type Book
Holdings
Withdrawn status Lost status Damaged status Not for loan Home library Current library Date acquired Cost, normal purchase price Total Checkouts Full call number Barcode Date last seen Price effective from Koha item type
        Bombay Natural History Society Bombay Natural History Society 12/08/2000 0.00   19023 BNHS-19023 04/15/2010 04/15/2010 Book